000 01351cam a2200385 a 4500
001 4182
003 FISKH
005 20240626075825.0
008 081118s2009 nyua b 000 1 eng
010 _a 2008047701
020 _a9780061703737 (trade bdg.)
020 _a9780061703720 (pbk bdg.)
040 _aDLC
_cDLC
_dDLC
_beng
042 _alcac
050 0 0 _aPZ7.O222
082 _a464
100 1 _aO'Connor, Jane.
245 1 4 _aThe show must go on /
_cby Jane O'Connor ; cover illustration by Robin Preiss Glasser ; interior illustrations by Ted Enik.
260 _aNew York :
_bHarperCollins,
_c2009.
300 _a32 pages :
_bcolor illustrations ;
_c23 cm
490 0 _aFancy Nancy
490 0 _aI can read! Beginning reading 1
505 _aJ
520 _aNancy, who likes to use fancy words, is dismayed to be partnered with shy classmate Lionel for the school talent show until she comes up with an act perfectly suited for both of them.
521 8 _a460
_bLexile
521 8 _aJ
_bRaz-Plus
650 1 _aTalent shows
_vFiction.
650 1 _aSchools
_vFiction.
650 1 _aVocabulary
_vFiction.
700 1 _aPreiss-Glasser, Robin.
_eCover Illustrator
700 1 _aEnik, Ted,
_eInterior illustrator
906 _a7
_bcbc
_corignew
_d1
_eecip
_f20
_gy-gencatlg
942 _2ddc
_cBK
_n0
999 _c4182
_d4182